000 00692nam a2200289Ia 4500
005 20260324121237.0
008 008 260324s9999 xx 000 0 eng d
020 _a9780429256103
037 _aEBOOK
040 _aCRL
040 _beng
040 _cCRL
041 _2eng
041 _aeng
084 _qCRL
100 _aPhilip Kirby
_91161758
245 4 _aThe Process Mind
245 0 _bNew Thoughtware - for Designing Your Business on Purpose
260 _bTaylor and Francis
260 _c2014
365 _a
365 _b70.99
856 _uhttp://www.taylorfrancis.com/books/9780429256103
942 _cEBOOK
999 _c1753736
_d1753736